Normal view MARC view
  • Lala R

Entry Personal Name

Number of records used in: 1

001 - CONTROL NUMBER

  • control field: 117447

003 - CONTROL NUMBER IDENTIFIER

  • control field: OSt

005 - DATE AND TIME OF LATEST TRANSACTION

  • control field: 20230125045427.0

008 - FIXED-LENGTH DATA ELEMENTS

  • fixed length control field: 230125|| aca||aabn | a|a d

040 ## - CATALOGING SOURCE

  • Original cataloging agency: OSt
  • Transcribing agency: OSt

100 ## - HEADING--PERSONAL NAME

  • Personal name: Lala R

670 ## - SOURCE DATA FOUND

  • Source citation: Work cat.: (OSt)95248: Lala R, Finding A Purpose In Life: 26 People Who Inspired The World, 2009